000 00620nam a2200241 a 4500
999 _c6812
_d6812
001 6812
003 BD-JhCC
005 20180207094938.0
008 180130s1960 u a|||| || | 001 0 eng d
035 _a(BD-JhCC)6812
040 _aBD-JhCC
_dBD-JhCC
041 _aeng
082 _a513.01
_bLEV 1960
100 _aLevi, Howard
245 _aFoundations of Geometry and Trigonometry /
_cHoward Levi,
260 _aNew Jersey :
_bPrentice-Hall, Inc
_c1960.
300 _a346 p. :
_bill. ;
_c23 cm.
504 _aIncludes Index
650 _aGeometry
650 _aTrigonometry
942 _2ddc
_cBK